000 00592nam a2200217Ia 4500
003 OSt
005 20221005124159.0
006 a|||||r|||| 00| 0
007 ta
008 221004b |||||||| |||| 00| 0 eng d
024 _a59904
037 _cTextual
040 _aCRL
_cCRL
_beng
041 _2eng
_aeng
082 _aV2:28:N1, E1
245 0 _aMemorandum on some of the results of Indian administration during the oast fifty years of British rule in India.
260 _c1911
650 _aHISTORY
942 _hV2:28:N1, E1
_cTEXL
_2cc
999 _c1049673
_d1049673